• 首页
  • 本馆介绍
  • 公告通知
  • 最新文献
  • 馆藏检索
  • 电子资源
  • 读者导购
  • 参考咨询
  • 我的图书馆
  • 登录
  • 期刊详细显示
  • 现刊情况显示
  • 合订本情况显示
  • 篇目信息显示

期刊信息

  • 表格格式
  • 工作单格式
  • 卡片格式
索取号 
Z6/DGB
题名 
大公报
作者 
该报编辑部
分册号 
分册名 
出版地 
香港
出版者 
该报社
标准刊号 
出版频率 
日刊
中图法分类 
D676.58
主题词 
期刊; 连续出版物; 报刊; 报纸; 快报
电子资源 
000 01541nas102200469 45
001 1193005822
005 20070415162035.20
011    @dHK$2.50(1991)
100    @a19930618a19029999m y0chiy0121 eb
101 0  @achi
102    @aHK
106    @ae
110    @acaazz 0yy0
200 10 @a大公报@ADA GONG BAO@f该报编辑部@FGAI BAO BIAN JI BU
207  0 @aNo.1(1938,8,13)~
210    @a香港@b香港轩尼诗道342号@c该报社@d1902~
215    @c有部分彩图@d56cm
315    @a休刊:1942~47
326    @a日刊
421  1 @120010@a大公报星期日增刊
540 1  @a大公 报@ADA GONG BAO
541 1  @aPublic Daily@zeng
606 0  @a期刊
606 0  @a连续出版物
606 0  @a报刊
606 0  @a报纸
606 0  @a快报
676    @a079@v19
690    @aD676.58@v1990
690    @aZ6@v4
801  0 @aCN@bPFT@c20070415
905    @a云南民院@dZ6@eDGB@y1917;1918,5-12;1919-1926;1927,1;1979,10-12;1980-1990;1991,1-4
905    @a河北大学@y1979,7;1980-1995
905    @a天津馆@y1949,7-12;1950,(缺10);1951-1952;1953(缺1,3,5,6,);1954-1965;1966,1-9;1982-1988;1989(缺2);1990-
905    @a山东师大@y1917-1927;1951-1960;1963-1966;1980-1992
905    @a杭州大学@y1980-
905    @a浙江大学@y1917;1918,5-12;1919-1926;1927,1-3;1979,7-12;1980,11-9;1981,7-112;1982-
905    @a革博馆@y1949,11-12;1950,10-12;1941,1-5;1979,7-12;1980-1994
905    @a武汉大学@y1979,7-12;1980,1-2
905    @a福建师大@y1979-
905    @a上海社科@y1948,10-11;1950,2-12;1951,1-5;1957-1962;1972-1995
905    @a浙江师大@y1992-1994
    
    大公报/该报编辑部.-No.1(1938,8,13)~.-香港(香港轩尼诗道342号):该报社,1902~
    有部分彩图;56cm
    增补说明:
    
    HK$2.50(1991)
    
●
相关链接: 在易读查询期刊 在中国知网中查询期刊 在万方数据查询期刊 在维普查询期刊
唐山师范学院图书馆 欢迎您!
大连网信软件有限公司© 版权所有